000 00629nam a2200277Ia 4500
005 20260324151047.0
008 008 260324s9999 xx 000 0 eng d
020 _a9781315641430
037 _aEBOOK
040 _aCRL
040 _beng
040 _cCRL
041 _2eng
041 _aeng
084 _qCRL
100 _aMrs Arthur Lyttelton
_91228584
245 0 _aWomen and Their Work
260 _bTaylor and Francis
260 _c1901
365 _a
365 _b180
856 _uhttp://www.taylorfrancis.com/books/9781315641430
942 _cEBOOK
999 _c1839070
_d1839070